| 000 | 00404 a2200145 4500 | ||
|---|---|---|---|
| 999 |
_c10210 _d10210 |
||
| 020 | _a9781853899676 | ||
| 050 | _aPR823.91 CON 1999 | ||
| 100 |
_aConway, Denise _eauthor |
||
| 245 |
_aNurse at Smoky River / _cDenise Conway |
||
| 264 |
_aLong Preston : . _bDales, _c1999 |
||
| 300 | _a272 pages ; 23 cm | ||
| 500 | _ano index | ||
| 650 |
_aLarge type books. _xfiction |
||
| 942 |
_2lcc _cBK _h823.91 _iCON _kPR |
||